Justin Timberlake UK Top 75 Hits - Statistics

General Stats
  • This quiz has been taken 39 times
  • The average score is 18 of 29
Answer Stats
Chart Position Year Featuring Artist Answer % Correct
#1 2013 Mirrors
100%
#1 2008 Madonna 4 Minutes
94%
#2 2003 Rock Your Body
94%
#1 2006 Sexyback
91%
#2 2003 Cry Me a River
81%
#3 2013 Jay Z Suit and Tie
81%
#2 2006 TI My Love
78%
#13 2003 Senorita
78%
#4 2007 What Goes Around Comes Around
75%
#2 2016 Can't Stop the Feeling
72%
#1 2007 TImbaland/Nelly Furtado Give it to Me
72%
#2 2007 Timbaland/50 Cent Ayo Technology
69%
#4 2009 TI Dead and Gone
69%
#5 2009 Ciara Love Sex Magic
69%
#9 2018 Chris Stapleton Say Something
69%
#2 2002 Like I Love You
66%
#6 2010 Timbaland Carry Out
63%
#7 2013 Jay Z Holy Grail
63%
#16 2008 Rihanna Rehab
59%
#11 2007 Lovestoned
56%
#2 2005 Snoop Dogg/Charlie Wilson Signs
56%
#44 2020 SZA The Other Side
50%
#22 2013 Take Back The Night
47%
#58 2013 TKO
47%
#15 2018 Filthy
44%
#61 2013 Tunnel Vision
41%
#7 2003 Missy Elliott Work It
28%
#21 2014 Not a Bad Thing
25%
#68 2010 Esme Denters Love Dealer
3%
No matching quizzes found
Score Distribution
Percent of People with Each Score
Percentile by Number Answered
Your Score History
You have not taken this quiz